| 000 | 00611nam a22002057a 4500 | ||
|---|---|---|---|
| 003 | Ost | ||
| 005 | 20140310182244.0 | ||
| 008 | 121114t xxu||||| |||| 00| 0 eng d | ||
| 020 | _a0553155547 | ||
| 050 |
_aPZ 7 _b.Su968s13 1987 |
||
| 082 |
_aFIC _bS9sv #13 |
||
| 100 |
_aSuzanne, Jamie _94455 |
||
| 245 |
_aStretching the truth / _cJamie Suzanne, Created by: Francine Pascal |
||
| 260 |
_aUnited States and Canada _bBantam Books, Inc. _c1987. |
||
| 300 |
_g19cm _a103 p. ; _c20 cm. |
||
| 440 |
_aSweet valley twins _n#13 _919318 |
||
| 650 |
_aChildren's stories _93210 |
||
| 942 |
_2lcc _cFIC |
||
| 999 |
_c11209 _d11209 |
||